Statystyki dla Najpopularniejsze piosenki Sentino

Kliknij tutaj aby rozwiązać quiz!

Ogólne statystyki

  • Ten quiz został rozwiązany 143 razy
  • Średni wynik to 4 z 10

Statystyki odpowiedzi

HintOdpowiedź% Poprawnych
9 mlnMidas
82%
12 mlnTRÓJKĄT BERMUDZKI
74%
5,5 mlnRIO
73%
7 mlnLato
62%
10 mlnPowww!
61%
2,1 mlnzapytaj o mnie
27%
2,2 mlnŻycie które znam
15%
1,8 mln45
12%
7,8 mlnOstatnia nocka ale to DRILL
8%
3,8 mlnAlgericas
4%

Rozkład punktacji

Percentyl według liczby udzielonych odpowiedzi

Procent ludzi z każdym wynikiem

Twoja historia wyników

Nie rozwiązałeś tego quizu